• 首页
  • 本馆介绍
  • 公告通知
  • 最新文献
  • 馆藏检索
  • 电子资源
  • 读者导购
  • 参考咨询
  • 我的图书馆
  • 登录
  • 详细信息显示
  • 放入我的书架
  • 预约/预借图书
  • 作者相关作品
  • 分类相关作品
  • 丛书相关作品
  • 出版社相关作品

书目信息

  • 表格格式
  • 工作单格式
  • 卡片格式
题名:
从中国历史来看中国民族性及中国文化
    
 
作者: 钱穆 著
分册:  
出版信息: 北京   中华书局  2016
页数: 142页
开本: 21cm
丛书名: 钱宾四先生学术文化讲座
单 册:
中图分类: C955.2 , K203
科图分类:
主题词: 民族性--min zu xing--研究--中国 , 中华文化--zhong hua wen hua--研究
电子资源:
ISBN: 978-7-101-12043-1
000 01180nam0 22002891 450
001 0119165308
005 20170619165308.0
010    @a978-7-101-12043-1@b精装@dCNY35.00
100    @a20170308d2016 em y0chiy50 ea
101 0  @achi
102    @aCN@b110000
105    @ay z 000yy
106    @ar
200 1  @a从中国历史来看中国民族性及中国文化@9cong zhong guo li shi lai kan zhong guo min zu xing ji zhong guo wen hua@f钱穆著
210    @a北京@c中华书局@d2016
215    @a142页@d21cm
225 2  @a钱宾四先生学术文化讲座@9qian bin si xian sheng xue shu wen hua jiang zuo
305    @a香港中文大学授权出版
330    @a本书主旨在通过对中国历史,尤其儒道释源流的分析,经由中西文化比较,来探讨中国民族性及文化的特点,提出合和性乃中共文化的最核心要义。全书共分四部分,一为中国人的性格,二为中国人的行为,三为中国人的思想总纲,四为中国人的文化结构,外加引言、结论。
461  0 @12001 @a钱宾四先生学术文化讲座
606 0  @a民族性@9min zu xing@x研究@y中国
606 0  @a中华文化@9zhong hua wen hua@x研究
690    @aC955.2@v5
690    @aK203@v5
701  0 @a钱穆@9qian mu@f(1895—1990)@4著
801  0 @aCN@b百万庄@c20170616
905    @b1011567-72@dC955.2@e91@f6
    
    从中国历史来看中国民族性及中国文化/钱穆著.-北京:中华书局,2016
    142页;21cm.-(钱宾四先生学术文化讲座)
    
    
    ISBN 978-7-101-12043-1(精装):CNY35.00
    本书主旨在通过对中国历史,尤其儒道释源流的分析,经由中西文化比较,来探讨中国民族性及文化的特点,提出合和性乃中共文化的最核心要义。全书共分四部分,一为中国人的性格,二为中国人的行为,三为中国人的思想总纲,四为中国人的文化结构,外加引言、结论。
●
相关链接 在E读中查询图书 在五车中查询图书 在当当中查询图书 在豆瓣中查询图书


正题名:从中国历史来看中国民族性及中国文化     索取号:C955.2/91         预约/预借

序号 登录号 条形码 馆藏地/架位号 状态 备注
1 1011567   210115677   第一样本阅览室/ [索取号:C955.2/91] 在馆    
2 1011568   210115686   教育系资料室/ [索取号:C955.2/91] 在馆    
3 1011569   210115695   教育系资料室/ [索取号:C955.2/91] 在馆    
4 1011570   210115702   教育系资料室/ [索取号:C955.2/91] 在馆    
5 1011571   210115711   第一借阅区/ [索取号:C955.2/91] 在馆    
6 1011572   210115720   第一借阅区/ [索取号:C955.2/91] 在馆    
唐山师范学院图书馆 欢迎您!
大连网信软件有限公司© 版权所有